Statistics for Formula One - 20 Youngest Grand Prix Winners

Click here to take the quiz!

General Stats

  • This quiz has been taken 118 times
  • The average score is 14 of 20

Answer Stats

AgeNationalityAnswer% Correct
4th22 years, 0 months, 26 daysSpainFernando Alonso
100%
1st18 years, 7 months, 15 daysNetherlandsMax Verstappen
100%
3rd21 years, 10 months, 16 daysMonacoCharles Leclerc
99%
2nd21 years, 2 months, 11 daysGermanySebastian Vettel
98%
8th23 years, 5 months, 6 daysFinlandKimi Räikkönen
96%
9th23 years, 6 months, 1 dayPolandRobert Kubica
96%
7th22 years, 5 months, 3 daysUnited KingdomLewis Hamilton
89%
20th24 years, 11 months, 7 daysAustraliaDaniel Ricciardo
87%
11th23 years, 7 months, 27 daysGermanyMichael Schumacher
87%
14th24 years, 4 months, 11 daysSouth AfricaJody Scheckter
85%
10th23 years, 6 months, 6 daysBelgiumJacky Ickx
76%
19th24 years, 10 months, 15 daysFranceEsteban Ocon
68%
18th24 years, 6 months, 30 daysFrancePierre Gasly
68%
6th22 years, 3 months, 12 daysNew ZealandBruce McLaren
67%
12th23 years, 9 months, 22 daysBrazilEmerson Fittipaldi
67%
16th24 years, 5 months, 28 daysUnited KingdomDavid Coulthard
34%
13th24 years, 2 months, 25 daysUnited KingdomMike Hawthorn
28%
15th24 years, 4 months, 20 daysItalyElio de Angelis
15%
17th24 years, 6 months, 26 daysUnited KingdomPeter Collins
15%
5th22 years, 2 months, 19 daysUnited StatesTroy Ruttman
10%

Score Distribution

Percentile by Number Answered

Percent of People with Each Score

Your Score History

You have not taken this quiz